000 01422nam a2200253Ia 4500
999 _c39631
_d39631
001 6231
003 GE_BSU
005 20190624205336.0
008 181216s1962||||ge |||||||||||||| ||geo||
041 _ageo
080 _a621.313.(075.8) ვ-53
100 _aვინოგრადოვი, ნ.ვ
_92854
245 _aელექტრული მანქანების დაპროექტება. ნაწ. 2 : /
_cნ.ვ. ვინოგრადოვი ; ფ.ა. გორიანოვი ; პ.ს სერგეევი ; რედ : მ.ა.ჯიბუტი ; მთარგმნ. შ.ა.გუგუშვილი ; დ.მ.ლოლაძე.
264 _aთბილისი :
_bსაქ. სსრ სახ. მეურნ.საბჭოს სამეურნ. სამმართველოს სტ,
_c1962.
300 _a495 გვ.:
_bცხრ,
_c24 სმ.
653 _aელექტრული მანქანები
653 _aტექნიკა
700 _aგორიანოვი, ფ.ა.
_92865
700 _aსერგეევი, პ.ს.
_92866
700 _aჯიბუტი, მ.ა
_eრედაქტორი
_92857
700 _aგუგუშვილი, შ.ა.
_eმთარგმნელი
_92858
700 _aლოლაძე, დ.მ
_eმთარგმნელი
_92859
942 _cBK
_2udc